| 000 | 00694nam a2200193 i 4500 | ||
|---|---|---|---|
| 001 | 54056 | ||
| 003 | ES-MaACL | ||
| 005 | 20230906162904.0 | ||
| 007 | t| | ||
| 008 | 031124s1865 sp ||||1| spa d | ||
| 110 | 2 |
_aAteneo Catalán. _91844 |
|
| 245 | 1 | 0 | _aActa de la sesión inaugural celebrada por el Ateneo Catalán en 2 de diciembre de 1864. |
| 260 |
_aBarcelona : _b[s.n.], _c1865 ( _fNarciso Ramirez y Rialp) |
||
| 300 |
_a61 p. ; _c24 cm. |
||
| 505 | 8 | _aContiene: Discurso de D. Pablo Valls, presidente del Ateneo . Catálogo de las obras que posee el Ateneo Catalán | |
| 610 | 2 | 4 |
_aAteneo Catalán- _vActas. _9170649 |
| 700 | 1 |
_aValls, Pablo. _9112935 |
|
| 852 | 4 |
_aES-MaACL _jT-61-F-11 |
|
| 999 |
_c54056 _d54056 |
||